000 01154nam a22003617a 4500
001 13950162
003 OSt
005 20210421060244.0
008 050503s2006 inub b 001 0 eng
010 _a 2005926903
020 _a0131499963
040 _aeng
_cDLC
_deng
_beng
041 _aeng
042 _apcc
050 0 0 _aD20
_b.T87 2006
080 _a94
_bT-95
082 0 0 _a909
_222
100 1 _aTurchin, Peter,
_d1957-
245 1 0 _aWar and peace and war :
_bthe life cycles of imperial nations /
_cPeter Turchin.
250 _a1st edition
260 _aNew York :
_bPi Press,
_cc2006.
300 _aviii, 405 p. :
_bmaps ;
_c24 cm.
365 _b27.95 usd
504 _aIncludes bibliographical references (p. [357]-388) and index.
650 0 _aWorld history.
650 0 _aHistory
_xMathematical models.
650 0 _aHistoriometry.
653 _aისტორია
856 4 1 _3Table of contents
_uhttp://www.loc.gov/catdir/toc/fy0601/2005926903.html
906 _a7
_bcbc
_corignew
_d2
_eepcn
_f20
_gy-gencatlg
942 _2udc
_cBK
_e1
999 _c624
_d624